Úloha plánovania v poskytovaní verejných služieb

Plánovanie ako základná funkcia manažmentu každej organizácie poskytujúcej verejné služby. Tradičné plánovanie vo verejnom sektore. Špecifické metódy a postupy plánovania vo verejnom sektore.

Gespeichert in:
Bibliographische Detailangaben
1. Verfasser: Hronec, Štefan
Format: Buchkapitel
Sprache:Slowakisch
Schlagworte:
Tags: Tag hinzufügen
Keine Tags, Fügen Sie das erste Tag hinzu!

MARC

LEADER 00000naa a2200000 4500
001 0123030
005 20231116103148.6
041 0 |a slo 
044 |a SK 
245 1 0 |a Úloha plánovania v poskytovaní verejných služieb  |c Štefan Hronec 
520 |a Plánovanie ako základná funkcia manažmentu každej organizácie poskytujúcej verejné služby. Tradičné plánovanie vo verejnom sektore. Špecifické metódy a postupy plánovania vo verejnom sektore. 
610 2 0 |a služby verejné 
610 2 0 |a manažment 
610 2 0 |a organizácie 
610 2 0 |a plánovanie 
610 2 0 |a sektor verejný 
100 1 |a Hronec, Štefan